Estadísticas para Nombra un Elemento A-Z

Haz click aquí para tomar la prueba!

Estadísticas generales

  • Esta prueba ha sido tomada 4.616 veces
  • La puntuación promedio es 17 de 23

Estadísticas de respuestas

LetraElemento% Correcto
CCarbono | Cloro | Calcio | +11
97%
HHidrógeno | Helio | Hierro | +3
95%
OOxígeno | Osmio | Oro | Oganesón
95%
PPotasio | Paladio | Plata | +7
95%
AAluminio | Azufre | Argón | +5
91%
BBerilio | Boro | Bromo | +4
90%
NNitrógeno | Neón | Niquel | +5
90%
FFlúor | Fósforo | Francio | Fermio | Flerovio
88%
MMagnesio | Manganeso | Molibdeno | +4
85%
RRubidio | Rutenio | Rodio | +5
84%
SSodio | Silicio | Selenio | Samario | Seaborgio
81%
LLitio | Lantano | Lutecio | Lawrencio | Livermorio
79%
EEscandio | Estroncio | Estaño | +3
75%
UUranio
75%
YYodo
75%
TTitanio | Tecnecio | Telurio | +6
73%
XXenón
73%
WWolframio
63%
GGalio | Germanio | Gadolinio
61%
IItrio | Indio | Iterbio | Iridio
60%
VVanadio
50%
KKriptón
48%
DDisprosio | Dubnio | Darvstadtio
25%

Distribución de puntuación

Porcentaje por número respondido

Porcentaje de gente con cada puntuación

Historial de tus puntuaciones

No has tomado esta prueba